| 000 | 00535nam a2200205Ia 4500 | ||
|---|---|---|---|
| 005 | 20250923145232.0 | ||
| 008 | 008 250917s9999 xx 000 0 eng d | ||
| 037 | _aTextual | ||
| 040 |
_aDSWL _beng _cDSWL |
||
| 041 |
_aeng _2eng |
||
| 084 | _qDSWL | ||
| 100 |
_aWolf, Eric R. _9833199 |
||
| 245 | 0 |
_aPeasants _cby Eric R. Wolf |
|
| 260 |
_aNew York _bPrentice-Hall Inc. Englewood Cliffs _c1966 |
||
| 300 | _axxii,328p. | ||
| 365 |
_aUSD _b2.25 |
||
| 925 | _g2.25 | ||
| 942 | _cTEXL | ||
| 999 |
_c1448799 _d1448799 |
||